|
|
|
|
| LEADER |
00000cam a2200000 a 4500 |
| 001 |
vtls001148428 |
| 003 |
SK-MaSNL |
| 005 |
20260301111935.0 |
| 008 |
240314s1984 xr 00000 cze |
| 035 |
|
|
|a SNK000091287
|
| 040 |
|
|
|a SNK
|b slo
|c SNK
|e AACR2
|
| 041 |
0 |
|
|a cze
|
| 044 |
|
|
|a xr
|c CZ
|
| 080 |
|
|
|a 371.3(075.8)
|2 1981
|
| 100 |
1 |
|
|a Kolář, Zdeněk,
|d 1929-2022
|4 aut
|9 260614
|
| 245 |
1 |
0 |
|a Analýza vyučovacího procesu
|c Zdeněk Kolář
|
| 250 |
|
|
|a 1. vyd.
|
| 260 |
|
|
|a Praha
|b Státní pedagogické nakladatelství
|c 1984
|
| 300 |
|
|
|a 180 s.
|c 4°
|
| 710 |
2 |
|
|a Univerzita Karlova
|4 pbl
|
| 958 |
|
|
|a OND
|
| 999 |
|
|
|c 708913
|d 710843
|
| 952 |
|
|
|t P60, <04>, [BOOK], {604}
|a SNK
|b SNK
|y VYP
|7 0
|p 17A0028910
|o snkIB 52459 D1
|0 0
|1 1
|4 0
|d 1997-01-07
|l 0
|r 2005-01-01 00:00:00
|w 2026-02-23
|